000 01013nam a2200229 a 4500
001 000020898
005 20240304185510.0
008 100823s2007 dr ac r 000 0 spa d
040 _aDO-SdBNP
_bspa
_cBNPHU
082 _a324.97293
_bB585a
100 1 _aBidó, Angel María
_d1957-
_943801
245 1 0 _a44 años de elecciones democráticas en la República Dominicana 1962-2006 /
_cAngel María Bidó ; prólogo José A. Silié Gatón.
246 1 3 _aCuarenta y cuatro años de elecciones democráticas en la República Dominicana 1962-2006
260 _aSanto Domingo :
_bImpresos Vargas,
_c2007.
300 _a206 p. :
_bil., retrs. ;
_c22 cm.
500 _aIncluye datos biográficos del autor en la contracubierta
590 _aInventariado, 2019/MFF
650 4 _aElecciones
_zRepública Dominicana
_y1962-2006
_943802
651 4 _aRepública Dominicana
_xPolítica Y Gobierno
_y1962-2006
_943803
700 1 _a Silié Gatón, José A.,
_d1920-2014
_epról.
_9747
910 _aValidado. Control de calidad MFF
999 _c20401
_d20401